Internationale Fußballwappen - Bilderquiz - Statistiken

Allgemein
  • Dieses Quiz wurde 81 mal gespielt
  • Das Durchschnittsergebnis liegt bei 11 aus 16
Antwortstatistiken
Bildquiz Antwort % Korrekt
Boca Juniors
97%
FC Santos
91%
River Plate
91%
Al-Hilal
86%
Flamengo
83%
Fluminense
77%
FC Sao Paulo
74%
Seattle Sounders
74%
FC Monterrey
72%
Botafogo
71%
Chicago Fire
69%
Auckland City FC
60%
Portland Timbers
46%
Wydad Casablanca
32%
Estudiantes de la Plata
26%
Gamba Osaka
5%
Keine übereinstimmenden Quizze gefunden
Verteilung der Resultate
Anzahl Personen mit jedem Resultat
Perzentil nach korrekt beantworteten Fragen
Ihre Resultats-Entwicklung
Sie haben dieses Quiz noch nicht gespielt